00747nam a2200193 a 450000100100000000500170001000800410002704000250006808200240009324500510011725000120016826001090018030000270028949000260031665000540034265000390039671000920043583000260052700002687620200930030450.0110328s1982 dr a 001 0 spa d aDO-SdBNPbspacBNPHU a331.88bT355b, 198200aTextos básicos para la educación sindical. a2ª ed. aSanto Domingo :bSecretaría de Educación ObrerabUnión General de Trabajadores Dominicanos,c1982. a92 p. :bil. ;c26 cm. aCuadernos U. G. T. D. 4aSindicalismozRepública DominicanaxEnseñanza 4aSindicatoszRepública Dominicana2 aUnión General de Trabajadores Dominicanos (UGTD).bSecretaría de Educación Obrera 0aCuadernos U. G. T. D.